000 08413namaa22004331i 4500
003 EG-GICUC
005 20260420141228.0
008 260420s2025 ua a|||frm||| 000 0 eng d
040 _aEG-GICUC
_beng
_cEG-GICUC
_dEG-GICUC
_erda
041 0 _aeng
_beng
_bara
049 _aDeposit
082 0 4 _a617.645
092 _a617.645
_221
097 _aM.Sc
099 _aCai01.09.07.M.Sc.2025.No.C
100 0 _aNoha Yehia Zekry Ibrahim,
_epreparation.
245 1 0 _aCaries risk assessment using ada toolamong agroup of egyption children in mixed dentition stage :
_ba cross sectional study /
_cby Noha Yehia Zekry Ibrahim ; Supervision Prof. Ola Moustafa Omar, Dr. Reem Mohamed Fouad Wahby.
246 1 5 _aتقييم عوامل خطورة التسوس في مجموعة من الأطفال المصريين باستخدام اداة الجمعية الأمريكية لطب الأسنان :
_bدراسة مقطعية
264 0 _c2025.
300 _a95 pages :
_billustrations ;
_c25 cm. +
_eCD.
336 _atext
_2rda content
337 _aUnmediated
_2rdamedia
338 _avolume
_2rdacarrier
502 _aThesis (M.Sc)-Cairo University, 2025.
504 _aBibliography: pages 77-91.
520 3 _aAim: To assess the validity of the American Dental Association (ADA) caries risk assessment tool in Egyptian children at the mixed dentition stage. Methodology: A cross-sectional study was conducted among 296 schoolchildren, aged 6 to 12 years, in Cairo, Egypt. Data were collected using the ADA caries risk assessment tool administered by the researcher, who personally delivered the questionnaire to each participant. The caries experience was evaluated using DMF & def index. The collected data was subjected to statistical analysis. Results: The mean age of the participants was 8.55 ± 1.53 years. Among the 296 children, 86.1% were in the high-risk category. In the high-risk group, the mean for DMF was 1.16±1.26; for def was 4.91±2.48; for the number of affected teeth was 6.04±2.59; and for the severity of caries experience was 6.04±2.59. There was a strong correlation between caries risk assessment and the number of affected teeth, and also between caries risk assessment and the severity of caries experience. Conclusions: The high-risk category was the predominant caries risk category in this study population. There was a strong correlation between caries risk assessment and clinically evident dental caries, which demonstrated that the ADA tool is valid to assess caries in Egyptian children in the mixed dentition stage.
520 3 _aتسوس الأسنان هو أكثر الأمراض المزمنة انتشارًا في مرحلة الطفولة، ويُسبب العديد من المشكلات الصحية. تساهم عوامل مختلفة مثل العوامل البدنية، والبيولوجية، والبيئية، والسلوكية، ونمط الحياة في زيادة خطر الإصابة به. ونظرًا لتزايد معدلات انتشار تسوس الأسنان، أصبح تقييم مخاطر التسوس أسلوبًا فريدًا للوقاية منه. إن تقييم مخاطر التسوس هو عملية التنبؤ بحدوث التسوس في المستقبل من خلال تقييم الحالة المرضية الحالية وعوامل الخطر والوقاية، مما يدعم اتخاذ القرارات السريرية القائمة على الأدلة. وتُعد أداة الجمعية الأمريكية لطب الأسنان ) إحدى الأدوات المُستخدمة لتقييم وإدارة مخاطر التسوس. أُجريت هذه الدراسة لتقييم مخاطر تسوس الأسنان باستخدام أداة الجمعية الأمريكية لطب الأسنان على أطفال مصريين في مرحلة التسنين المختلط. شملت الدراسة عينة مكونة من 296 تلميذًا، تتراوح أعمارهم بين 6 و12 عامًا، تم اختيارهم من عيادة الأطفال بقسم طب أسنان الأطفال والصحة العامة للفم والأسنان بكلية طب الأسنان بجامعة القاهرة. في الدراسة الحالية، تم جمع البيانات باستخدام استمارة تقييم مخاطر تسوس الأسنان للأطفال (أكبر من 6 سنوات) التابعة للجمعية الأمريكية لطب الأسنان والتي تم ترجمتها إلى اللغة العربية لضمان فهم الأسئلة بشكل صحيح وتجنب أي تحيز في الإجابات. وتم تقييم مدى انتشار التسوس باستخدام مؤشر التسوس والقلع والحشو للاسنان الدائمة ومؤشر التسوس لدى الاسنان اللبنيه والاسنان التى بحاجه للقلع بسبب التسوس والاسنان المحشوة كانت نتائج الدراسة كالتالي: * تراوحت أعمار الأطفال المشاركين في هذه الدراسة بين 6 و12 عامًا، بمتوسط عمر يبلغ 8.55 ± 1.53 سنة. وكانت غالبية المشاركين ضمن الفئة العمرية من 8 إلى 10 سنوات. * أظهر توزيع الجنسين سيطرة طفيفة للإناث، حيث شكلن 55.4% من المشاركين مقارنة بـ 44.6% من الذكور. * صُنف غالبية المشاركين، وعددهم 255 (86.1%)، ضمن فئة عالية الخطورة. * كان وجود ثلاث آفات تسوس أو أكثر أو حشوات في الـ 36 شهرًا الماضية هو العامل السائد في فئة عالية الخطورة. * كان التعرض المتكرر/المطول للوجبات الخفيفة والمشروبات أو الأطعمة السكرية على مدار اليوم هو العامل الثاني الأكثر انتشارًا في فئة عالية الخطورة. * عدم تأسيس "نظافة الاسنان بالمنزل " كان المتغير الأكثر انتشارًا في فئة معتدلة الخطورة. * نقص التعرض للفلورايد (والذي تم تعديله في هذه الدراسة ليشير فقط إلى استخدام معجون أسنان يحتوي على الفلورايد) كان العامل الثاني الأكثر انتشارًا في فئة معتدلة الخطورة. * في فئة عالية الخطورة، كان متوسط مؤشر الاسنان الدائمة 1.16±1.26، ومتوسط مؤشر الأسنان اللبنية 4.91±2.48، ومتوسط عدد الأسنان المتأثرة هو 6.04±2.59، وشدة انتشار التسوس 6.04±2.59. * كان هناك ارتباط قوي بين تقييم مخاطر التسوس وعدد الأسنان المتأثرة (الإجمالي). * كان أقوى ارتباط بين تقييم مخاطر التسوس وشدة انتشار التسوس بناءً على نتائج الدراسة الحالية، يمكن استخلاص النتائج التالية: صُنف غالبية المشاركين، وعددهم 255 (86.1%)، ضمن فئة عالية الخطورة. وكان هناك ارتباط قوي بين تقييم مخاطر التسوس وعدد الأسنان المتأثرة، وكان أقوى ارتباط بين تقييم مخاطر التسوس وشدة انتشار التسوس، مما يدل على أن أداة الجمعية الأمريكية لطب الأسنان صالحة لتقييم تسوس الأسنان لدى الأطفال المصريين في مرحلة التسنين المختلط.
530 _aIssues also as CD.
546 _aText in English and abstract in Arabic & English.
650 0 _aPediatric dentistry
650 0 _aطب اسنان الأطفال
653 1 _aCaries Risk Assessment
_acaries experience
_aschool Children
_athe ADA tool
700 0 _aOla Moustafa Omar
_ethesis advisor.
700 0 _aReem Mohamed Fouad Wahby
_ethesis advisor.
900 _b01-01-2025
_cOla Moustafa Omar
_cReem Mohamed Fouad Wahby
_dOla Moustafa Omar
_dNorhan Abd Elwahab Eldokky
_UCairo University
_FFaculty of Dentistry
_DDepartment of Pediatric dentistry
905 _aShimaa
942 _2ddc
_cTH
_e21
_n0
999 _c179619